[Event "Moscow op-A 19th"]
[Site "Moscow"]
[Date "2023.07.17"]
[Round "1"]
[White "Volkov, Sergey"]
[Black "Aganesova, Evgeniya"]
[Result "1-0"]
[WhiteElo "2451"]
[BlackElo "1878"]
[PlyCount "77"]
[EventDate "2023.07.17"]
[EventType "swiss"]
[EventRounds "9"]
[EventCountry "RUS"]
[SourceTitle "CBM 215 Extra"]
[Source "ChessBase"]
[SourceDate "2023.09.30"]
[SourceVersion "1"]
[SourceVersionDate "2023.09.30"]
[SourceQuality "1"]

1. d4 d5 2. c4 e6 3. Nc3 Be7 4. Nf3 Nf6 5. Bf4 0-0 6. e3 dxc4 7. Bxc4 c5 8. 0-0 Nc6 9. a3 cxd4 10. exd4 b6 11. d5 exd5 12. Nxd5 Nxd5 13. Bxd5 Bb7 14. Ne5 Na5 15. Bxb7 Nxb7 16. Nc6 Qe8 17. Qd5 Bf6 18. Rfe1 Qc8 19. Be5 Nd8 20. Rac1 Nxc6 21. Bxf6 gxf6 22. Rxc6 Qb7 23. Qf3 Rfe8 24. Rxe8+ Rxe8 25. h3 Re1+ 26. Kh2 Qb8+ 27. g3 Re6 28. Rxe6 fxe6 29. Qxf6 Qd6 30. h4 a5 31. h5 b5 32. Qg5+ Kf7 33. Qxb5 Qd2 34. Kg2 Qe1 35. Qb7+ Kg8 36. h6 Qe5 37. b4 axb4 38. axb4 Qg5 39. Qg7+ 1-0

[Event "IPCA Wch 22nd"]
[Site "Kastel"]
[Date "2023.06.16"]
[Round "4"]
[White "Belak, Stefan"]
[Black "Aganesova, Evgeniya"]
[Result "0-1"]
[WhiteElo "1896"]
[BlackElo "1844"]
[PlyCount "62"]
[EventDate "2023.06.13"]
[EventType "swiss"]
[EventRounds "9"]
[EventCountry "SRB"]
[SourceTitle "CBM 214 Extra"]
[Source "ChessBase"]
[SourceDate "2023.07.31"]
[SourceVersion "1"]
[SourceVersionDate "2023.07.31"]
[SourceQuality "1"]

1. e4 c5 2. Nf3 d6 3. c3 d5 4. exd5 Qxd5 5. d4 Nf6 6. Bb5+ Bd7 7. Bxd7+ Nbxd7 8. 0-0 e6 9. Bf4 Be7 10. Nbd2 0-0 11. Qc2 Nh5 12. Be3 h6 13. b3 Bg5 14. c4 Qf5 15. Qxf5 exf5 16. Bxg5 hxg5 17. dxc5 f6 18. b4 Nf4 19. Rad1 Ng6 20. Nb3 Nde5 21. Nxe5 Nxe5 22. Nd4 g6 23. Nb5 Nxc4 24. Nd6 Ne5 25. b5 Rab8 26. Rfe1 f4 27. f3 g4 28. fxg4 Nxg4 29. Re7 Rfd8 30. c6 bxc6 31. bxc6 Rxd6 0-1

[Event "IPCA Wch 22nd"]
[Site "Kastel"]
[Date "2023.06.14"]
[Round "2"]
[White "Dostan, Janos"]
[Black "Aganesova, Evgeniya"]
[Result "1-0"]
[WhiteElo "2020"]
[BlackElo "1844"]
[PlyCount "68"]
[EventDate "2023.06.13"]
[EventType "swiss"]
[EventRounds "9"]
[EventCountry "SRB"]
[SourceTitle "CBM 214 Extra"]
[Source "ChessBase"]
[SourceDate "2023.07.31"]
[SourceVersion "1"]
[SourceVersionDate "2023.07.31"]
[SourceQuality "1"]

1. g3 d5 2. Bg2 Nf6 3. Nf3 Bf5 4. 0-0 e6 5. d3 h6 6. Nbd2 Be7 7. Qe1 0-0 8. e4 Bh7 9. Qe2 c5 10. c3 Nc6 11. Ne1 Qc7 12. f4 b5 13. e5 Nd7 14. Ndf3 c4 15. d4 b4 16. g4 Be4 17. g5 h5 18. Nh4 Bxg2 19. Qxg2 g6 20. f5 exf5 21. Nxf5 gxf5 22. Qh3 Ndxe5 23. Bf4 Bd6 24. Qh4 Ne7 25. Bxe5 Bxe5 26. dxe5 Qxe5 27. Ng2 bxc3 28. bxc3 d4 29. cxd4 Qe4 30. g6 fxg6 31. Rf4 Qd5 32. Qxe7 Rf7 33. Qc5 Qb7 34. Qxc4 Rc8 1-0

[Event "UKR-ch sf U16 Girls"]
[Site "Kherson"]
[Date "2007.11.18"]
[Round "3"]
[White "Aganesova, Evgeniya"]
[Black "Shmat, Anna"]
[Result "1-0"]
[WhiteElo "2040"]
[BlackElo "1805"]
[PlyCount "110"]
[EventDate "2007.11.16"]
[EventType "swiss"]
[EventRounds "9"]
[EventCountry "UKR"]
[SourceTitle "EXT 2023"]
[Source "ChessBase"]
[SourceDate "2022.10.05"]
[SourceVersion "1"]
[SourceVersionDate "2022.10.05"]
[SourceQuality "1"]

1. d4 Nf6 2. c4 c5 3. d5 b5 4. cxb5 a6 5. b6 d6 6. Nc3 Nbd7 7. e4 g6 8. Nf3 Bg7 9. a4 Nxb6 10. a5 Nbd7 11. h3 0-0 12. Bd3 Ne8 13. 0-0 Nc7 14. Re1 Nb5 15. Bd2 Nxc3 16. Bxc3 Qc7 17. Qe2 Bb7 18. Nd2 e6 19. Bxg7 Kxg7 20. dxe6 fxe6 21. Nc4 d5 22. exd5 exd5 23. Qe7+ Rf7 24. Qd6 Qd8 25. Rad1 Qg5 26. f4 Qh4 27. Ne5 Nxe5 28. Qxe5+ Qf6 29. g3 Rd8 30. Bf1 Qxe5 31. Rxe5 Rc8 32. Rc1 Kf6 33. Bg2 Rd7 34. h4 Rcc7 35. b3 Kf7 36. h5 d4 37. hxg6+ hxg6 38. Bh3 Re7 39. Rcxc5 Rxc5 40. Rxc5 d3 41. Bg4 d2 42. Kf2 Rd7 43. Bd1 Kf6 44. Re5 Rd3 45. Re3 Rd5 46. b4 Rd4 47. Rb3 Bd5 48. Rb2 g5 49. fxg5+ Kxg5 50. Ke3 Re4+ 51. Kxd2 Rd4+ 52. Ke1 Re4+ 53. Kf2 Rd4 54. Be2 Be6 55. Bxa6 Rd6 1-0

[Event "UKR-ch sf U18"]
[Site "Evpatoria"]
[Date "2007.10.10"]
[Round "9"]
[White "Aganesova, Evgeniya"]
[Black "Simdjankin, Evgeny"]
[Result "1/2-1/2"]
[WhiteElo "2030"]
[BlackElo "2035"]
[PlyCount "104"]
[EventDate "2007.10.02"]
[EventType "swiss"]
[EventRounds "9"]
[EventCountry "UKR"]
[SourceTitle "EXT 2023"]
[Source "ChessBase"]
[SourceDate "2022.10.05"]
[SourceVersion "1"]
[SourceVersionDate "2022.10.05"]
[SourceQuality "1"]

1. e4 e5 2. Nf3 d5 3. Nxe5 dxe4 4. d4 Nc6 5. Bb5 Qf6 6. 0-0 Nge7 7. f3 exf3 8. Rxf3 Bf5 9. Bxc6+ Nxc6 10. Nxc6 bxc6 11. c3 h5 12. Qf1 g6 13. Bf4 Bd6 14. Nd2 0-0 15. Nc4 Rfe8 16. Bxd6 cxd6 17. Ne3 Rxe3 18. Rxe3 d5 19. Qf4 Qd8 20. Rae1 Be4 21. Rxe4 dxe4 22. Qxe4 Qb6 23. Re2 Rd8 24. h3 Qb5 25. Rf2 Qa4 26. Qe7 Rf8 27. b3 Qa5 28. c4 a6 29. b4 Qa3 30. Kh2 a5 31. d5 cxd5 32. cxd5 Qxb4 33. d6 Qd4 34. Rf1 Qc4 35. Rf2 Qd4 36. Rf6 Qc5 37. Rf3 Qb4 38. Qc7 Qb8 39. Qe7 Qd8 40. Rd3 Re8 41. Qb7 Qb8 42. Qc7 Rd8 43. Rb3 Qc8 44. Rb7 Rf8 45. d7 Qd8 46. Qd6 Kg7 47. Rc7 Qg5 48. Qxf8+ Kxf8 49. Rc8+ Kg7 50. d8Q Qe5+ 51. Kh1 Qe1+ 52. Kh2 Qe5+ 1/2-1/2

[Event "UKR-ch sf U18"]
[Site "Evpatoria"]
[Date "2007.10.07"]
[Round "6"]
[White "Kurayan, Ruslan"]
[Black "Aganesova, Evgeniya"]
[Result "1-0"]
[WhiteElo "2138"]
[BlackElo "2030"]
[PlyCount "99"]
[EventDate "2007.10.02"]
[EventType "swiss"]
[EventRounds "9"]
[EventCountry "UKR"]
[SourceTitle "EXT 2023"]
[Source "ChessBase"]
[SourceDate "2022.10.05"]
[SourceVersion "1"]
[SourceVersionDate "2022.10.05"]
[SourceQuality "1"]

1. c4 c5 2. Nc3 Nf6 3. g3 d5 4. cxd5 Nxd5 5. Bg2 Nc7 6. d3 e5 7. Be3 Nc6 8. Bxc6+ bxc6 9. Qa4 Bd7 10. Nf3 f6 11. Ne4 Ne6 12. 0-0 Be7 13. Rfc1 Nd4 14. Kf1 0-0 15. Nxc5 Bh3+ 16. Ke1 Nxf3+ 17. exf3 Bxc5 18. Qc4+ Rf7 19. Bxc5 Bf5 20. Rc3 Rb8 21. b3 Qd5 22. Qxd5 cxd5 23. Ke2 d4 24. Rc4 Rc8 25. Rac1 Be6 26. Ra4 Rfc7 27. b4 Kf7 28. Rc2 Bd5 29. Rb2 Ra8 30. Ra5 Be6 31. f4 Bf5 32. fxe5 fxe5 33. f3 Ke6 34. Ra6+ Kd7 35. g4 Be6 36. Rc2 Bf7 37. a4 Rb8 38. Kd2 Rbb7 39. Rc1 Bb3 40. a5 Ba4 41. Rd6+ Ke8 42. Re6+ Kf7 43. Rxe5 a6 44. f4 Rc8 45. Rf5+ Kg6 46. Rg5+ Kh6 47. Bxd4 Rxc1 48. Kxc1 g6 49. Bc5 Rf7 50. Rd5 1-0

[Event "UKR-ch sf U18"]
[Site "Evpatoria"]
[Date "2007.10.04"]
[Round "3"]
[White "Aganesova, Evgeniya"]
[Black "Shmat, Sergey"]
[Result "1-0"]
[WhiteElo "2030"]
[BlackElo "2100"]
[PlyCount "117"]
[EventDate "2007.10.02"]
[EventType "swiss"]
[EventRounds "9"]
[EventCountry "UKR"]
[SourceTitle "EXT 2023"]
[Source "ChessBase"]
[SourceDate "2022.10.05"]
[SourceVersion "1"]
[SourceVersionDate "2022.10.05"]
[SourceQuality "1"]

1. e4 e5 2. Nf3 f5 3. Nxe5 Nc6 4. Nxc6 dxc6 5. d4 Qh4 6. exf5 Bxf5 7. Bd3 Bxd3 8. Qxd3 0-0-0 9. Be3 Qg4 10. 0-0 Bd6 11. Nd2 Qh5 12. Nf3 Nf6 13. Rfe1 Rhf8 14. h3 Nd5 15. Bd2 Bf4 16. Re4 g5 17. Rae1 Rd6 18. c4 Bxd2 19. Nxd2 Nf4 20. Qa3 a6 21. Qg3 Kb8 22. Nf3 Nxh3+ 23. Qxh3 Qxh3 24. gxh3 Rxf3 25. Kg2 Rf8 26. Re8+ Rxe8 27. Rxe8+ Ka7 28. Re4 h6 29. Kg3 Rf6 30. h4 gxh4+ 31. Rxh4 Kb6 32. Rh5 Ka7 33. f4 Kb8 34. f5 Kc8 35. Kf4 Kd7 36. Ke5 Ke7 37. Rh3 b6 38. b4 Kf7 39. Ra3 h5 40. Rxa6 Kg7 41. Ra3 Rf8 42. Rg3+ Kf7 43. f6 Re8+ 44. Kf5 Re2 45. Rg7+ Kf8 46. Rxc7 h4 47. Rh7 Rxa2 48. Ke6 Re2+ 49. Kd6 Rd2 50. Rxh4 Rb2 51. Rh7 Kg8 52. Rb7 Rd2 53. d5 cxd5 54. cxd5 Rc2 55. Rc7 Rb2 56. Kc6 Rxb4 57. d6 Rf4 58. d7 Rxf6+ 59. Kb7 1-0

[Event "Geller Memorial op-A 3rd"]
[Site "Odessa"]
[Date "2007.09.15"]
[Round "8"]
[White "Aganesova, Evgeniya"]
[Black "Goroshkova, Liudmila"]
[Result "1-0"]
[WhiteElo "1972"]
[BlackElo "1984"]
[PlyCount "115"]
[EventDate "2007.09.08"]
[EventType "swiss"]
[EventRounds "9"]
[EventCountry "UKR"]
[SourceTitle "CBM 120 Extra"]
[Source "ChessBase"]
[SourceDate "2007.11.01"]
[SourceVersion "1"]
[SourceVersionDate "2007.11.01"]
[SourceQuality "1"]

1. e4 e5 2. Nf3 Nc6 3. Bb5 a6 4. Ba4 Nf6 5. 0-0 Be7 6. Re1 b5 7. Bb3 d6 8. c3 0-0 9. h3 Nb8 10. d4 Nbd7 11. Nbd2 Bb7 12. Bc2 Re8 13. Nf1 Bf8 14. Ng3 g6 15. b3 c5 16. d5 Rc8 17. a4 bxa4 18. Rxa4 Ra8 19. Nh2 Bc8 20. Bd2 Rb8 21. Ra2 Bg7 22. Nhf1 Qc7 23. Ne3 Rf8 24. Bd3 Nb6 25. Qe2 Nbd7 26. b4 Ra8 27. Rea1 h5 28. h4 Nb8 29. b5 Ng4 30. Nxg4 Bxg4 31. f3 Bc8 32. Nf1 c4 33. Bxc4 a5 34. Bd3 Nd7 35. c4 Qb6+ 36. Ne3 f5 37. Kh1 f4 38. Nd1 Qd8 39. Be1 Nc5 40. Bc2 Nb7 41. Nb2 Bf6 42. Qf2 g5 43. hxg5 Bxg5 44. Kg1 Kf7 45. Kf1 h4 46. Na4 h3 47. gxh3 Rh8 48. Ke2 Bxh3 49. Bd1 Qc7 50. Rc2 Rag8 51. Qb6 Qe7 52. c5 Nxc5 53. Nxc5 dxc5 54. Rxa5 Bf1+ 55. Kxf1 Rh1+ 56. Ke2 Bh4 57. Bxh4 Rxh4 58. Ra7 1-0

[Event "Geller Memorial op-A 3rd"]
[Site "Odessa"]
[Date "2007.09.08"]
[Round "1"]
[White "Tobak, Andrey"]
[Black "Aganesova, Evgeniya"]
[Result "1-0"]
[WhiteElo "2354"]
[BlackElo "1972"]
[PlyCount "69"]
[EventDate "2007.09.08"]
[EventType "swiss"]
[EventRounds "9"]
[EventCountry "UKR"]
[SourceTitle "CBM 120 Extra"]
[Source "ChessBase"]
[SourceDate "2007.11.01"]
[SourceVersion "1"]
[SourceVersionDate "2007.11.01"]
[SourceQuality "1"]

1. Nf3 c5 2. g3 Nc6 3. d4 cxd4 4. Nxd4 d6 5. Bg2 Bd7 6. 0-0 g6 7. b3 Bg7 8. Bb2 Nf6 9. c4 0-0 10. Nc3 Rc8 11. Rc1 a6 12. Qd2 Qa5 13. Rfd1 Kh8 14. Ne4 Qxd2 15. Nxd2 Nxd4 16. Bxd4 Bc6 17. Bh3 Nd7 18. Nf3 Bxf3 19. Bxd7 Rc7 20. Bb6 Rxd7 21. exf3 Rc8 22. a4 Bf6 23. b4 Kg7 24. b5 d5 25. c5 e6 26. c6 bxc6 27. bxa6 Be7 28. a7 c5 29. Kf1 c4 30. Rxc4 Ra8 31. Rc6 Bf6 32. a5 Rdxa7 33. Bxa7 Rxa7 34. a6 d4 35. Ke2 1-0

[Event "Voronezh op-A 11th"]
[Site "Voronezh"]
[Date "2007.06.20"]
[Round "8"]
[White "Pogosian, Georgy"]
[Black "Aganesova, Evgeniya"]
[Result "1-0"]
[WhiteElo "2251"]
[BlackElo "1943"]
[PlyCount "57"]
[EventDate "2007.06.12"]
[EventType "swiss"]
[EventRounds "9"]
[EventCountry "RUS"]
[SourceTitle "CBM 118 Extra"]
[Source "ChessBase"]
[SourceDate "2007.07.04"]
[SourceVersion "1"]
[SourceVersionDate "2007.07.04"]
[SourceQuality "1"]

1. e4 d5 2. Nc3 dxe4 3. Nxe4 Nd7 4. d4 Ngf6 5. Bd3 Nxe4 6. Bxe4 Nf6 7. Bd3 Bg4 8. Ne2 Bxe2 9. Qxe2 e6 10. Bg5 Be7 11. 0-0-0 c6 12. h4 Qa5 13. Bc4 0-0-0 14. Rh3 h6 15. Bf4 Nd5 16. Be5 Bf6 17. Ra3 Qb6 18. Rdd3 Bxe5 19. Qxe5 Nb4 20. Rdb3 Rxd4 21. Rxb4 Rhd8 22. Bxe6+ fxe6 23. Qxe6+ Kb8 24. Qe5+ Qc7 25. Rxb7+ Kxb7 26. Rxa7+ Kxa7 27. Qxc7+ Ka8 28. Qxc6+ Kb8 29. b3 1-0

[Event "Voronezh op-A 11th"]
[Site "Voronezh"]
[Date "2007.06.18"]
[Round "6"]
[White "Aganesova, Evgeniya"]
[Black "Slavnova, Dania"]
[Result "1-0"]
[WhiteElo "1943"]
[BlackElo "2345"]
[PlyCount "57"]
[EventDate "2007.06.12"]
[EventType "swiss"]
[EventRounds "9"]
[EventCountry "RUS"]
[SourceTitle "CBM 118 Extra"]
[Source "ChessBase"]
[SourceDate "2007.07.04"]
[SourceVersion "1"]
[SourceVersionDate "2007.07.04"]
[SourceQuality "1"]

1. e4 d6 2. d4 Nf6 3. Nc3 g6 4. f4 Bg7 5. Nf3 0-0 6. Bd3 c6 7. e5 Nd5 8. Nxd5 cxd5 9. 0-0 Nc6 10. c3 Bg4 11. Qb3 Bxf3 12. Rxf3 dxe5 13. fxe5 Qd7 14. Bd2 e6 15. Bg5 a6 16. a4 Rac8 17. Raf1 Rc7 18. Qd1 Ne7 19. g4 Qc6 20. Qe1 h6 21. Bf6 Qxa4 22. Qh4 Qe8 23. Rh3 h5 24. Bxg7 Kxg7 25. Qf6+ Kg8 26. gxh5 Nf5 27. hxg6 Ng7 28. Rh8+ Kxh8 29. Qh4+ 1-0

[Event "Voronezh op-A 11th"]
[Site "Voronezh"]
[Date "2007.06.12"]
[Round "1"]
[White "Aganesova, Evgeniya"]
[Black "Moltchanov, Roman"]
[Result "0-1"]
[WhiteElo "1943"]
[BlackElo "2388"]
[PlyCount "60"]
[EventDate "2007.06.12"]
[EventType "swiss"]
[EventRounds "9"]
[EventCountry "RUS"]
[SourceTitle "CBM 118 Extra"]
[Source "ChessBase"]
[SourceDate "2007.07.04"]
[SourceVersion "1"]
[SourceVersionDate "2007.07.04"]
[SourceQuality "1"]

1. e4 c5 2. Nf3 e6 3. d4 cxd4 4. Nxd4 Nc6 5. Nxc6 bxc6 6. Bd3 Nf6 7. 0-0 d5 8. exd5 exd5 9. Re1+ Be7 10. Bg5 0-0 11. c3 Rb8 12. Qc2 h6 13. Bf4 Bd6 14. Bxd6 Qxd6 15. Nd2 c5 16. Rad1 Bg4 17. f3 Be6 18. b3 Qf4 19. g3 Qc7 20. Bf5 Bxf5 21. Qxf5 Rfd8 22. Re5 c4 23. b4 a5 24. a3 Qa7+ 25. Kg2 axb4 26. axb4 d4 27. Ra5 Qb7 28. Nxc4 dxc3 29. Rb5 Qa6 30. Kh3 c2 0-1

[Event "UKR-ch sf (Women)"]
[Site "Evpatoria"]
[Date "2007.05.08"]
[Round "9"]
[White "Aganesova, Evgeniya"]
[Black "Kostak, Tatiana"]
[Result "1/2-1/2"]
[WhiteElo "1943"]
[BlackElo "2117"]
[PlyCount "101"]
[EventDate "2007.04.30"]
[EventType "swiss"]
[EventRounds "9"]
[EventCountry "UKR"]
[SourceTitle "EXT 2008"]
[Source "ChessBase"]
[SourceDate "2007.11.25"]
[SourceVersion "1"]
[SourceVersionDate "2007.11.25"]
[SourceQuality "1"]

1. e4 c5 2. c3 d5 3. exd5 Qxd5 4. d4 Nc6 5. Nf3 cxd4 6. cxd4 e5 7. Nc3 Bb4 8. Bd2 Bxc3 9. Bxc3 e4 10. Ne5 Nxe5 11. dxe5 Ne7 12. Be2 0-0 13. 0-0 Bf5 14. f4 Qc6 15. Rc1 Rfd8 16. Qb3 Qg6 17. Bb4 Be6 18. Qg3 Qxg3 19. hxg3 Nf5 20. g4 Ne3 21. Rfe1 Nxg4 22. Bxg4 Bxg4 23. Rxe4 Be6 24. a3 Rac8 25. Rxc8 Rxc8 26. Rd4 h5 27. Bc3 Kh7 28. Kf2 Kg6 29. Rb4 Bd5 30. Rd4 Be6 31. Rb4 Rc7 32. Rd4 Kf5 33. g3 Rc8 34. Kf3 g5 35. fxg5 Kxg5 36. Ke3 Rc4 37. Rxc4 Bxc4 38. Bd4 b6 39. a4 Kg4 40. Kf2 Kf5 41. Ke3 Bb3 42. a5 bxa5 43. Bxa7 Kxe5 44. Bd4+ Kf5 45. Bc3 a4 46. Kf3 Bd5+ 47. Kf2 Kg4 48. Bf6 Bc6 49. Be5 f5 50. Bd6 Bd5 51. Bc7 1/2-1/2

[Event "UKR-ch sf (Women)"]
[Site "Evpatoria"]
[Date "2007.05.06"]
[Round "7"]
[White "Aganesova, Evgeniya"]
[Black "Ivanenko, Olga I"]
[Result "1/2-1/2"]
[WhiteElo "1943"]
[BlackElo "2077"]
[PlyCount "76"]
[EventDate "2007.04.30"]
[EventType "swiss"]
[EventRounds "9"]
[EventCountry "UKR"]
[SourceTitle "EXT 2008"]
[Source "ChessBase"]
[SourceDate "2007.11.25"]
[SourceVersion "1"]
[SourceVersionDate "2007.11.25"]
[SourceQuality "1"]

1. e4 c5 2. Nf3 Nc6 3. Bb5 g6 4. 0-0 Bg7 5. c3 Nf6 6. e5 Nd5 7. d4 cxd4 8. cxd4 0-0 9. Re1 a6 10. Bf1 d6 11. exd6 Qxd6 12. h3 Rd8 13. Nc3 Nxc3 14. bxc3 e5 15. Bg5 f6 16. Bh4 exd4 17. Bc4+ Kf8 18. cxd4 Nxd4 19. Nxd4 Qxd4 20. Qe2 Qc5 21. Rad1 Bf5 22. Bg3 Rxd1 23. Rxd1 Re8 24. Bd6+ Qxd6 25. Rxd6 Rxe2 26. Bxe2 Ke7 27. Rb6 Bc8 28. Bg4 f5 29. Bf3 Bd4 30. Rb1 b6 31. Rd1 Bc5 32. Bd5 Bd7 33. Rd2 a5 34. Bg8 h6 35. h4 Bb4 36. Rxd7+ Kxd7 37. Bh7 Ke6 38. Bxg6 Be7 1/2-1/2

[Event "Ilichevsk Sunny Pawn op"]
[Site "Ilichevsk"]
[Date "2006.07.31"]
[Round "11"]
[White "Aganesova, Evgeniya"]
[Black "Kovalev, Vladislav"]
[Result "1/2-1/2"]
[WhiteElo "1877"]
[BlackElo "2091"]
[PlyCount "63"]
[EventDate "2006.07.20"]
[EventType "swiss"]
[EventRounds "11"]
[EventCountry "UKR"]
[SourceTitle "CBM 113 Extra"]
[Source "ChessBase"]
[SourceDate "2006.09.14"]
[SourceVersion "1"]
[SourceVersionDate "2006.09.14"]
[SourceQuality "1"]

1. e4 c5 2. Nf3 Nc6 3. Bb5 g6 4. 0-0 Bg7 5. Re1 e5 6. c3 Nge7 7. d4 cxd4 8. cxd4 exd4 9. Bf4 d6 10. Na3 0-0 11. Nc2 Bg4 12. h3 Bxf3 13. Qxf3 Ne5 14. Qb3 Qb6 15. Rad1 a6 16. Ba4 Qc7 17. Qg3 d3 18. Ne3 Qa5 19. Bb3 N7c6 20. Bxe5 Bxe5 21. f4 Nd4 22. Nc4 Qc5 23. Kh1 Ne2 24. Qxd3 Nxf4 25. Qf3 b5 26. Nxe5 dxe5 27. Rc1 Qe7 28. Rc6 Rfd8 29. Rd1 Rxd1+ 30. Qxd1 Rd8 31. Qc2 Qg5 32. Kh2 1/2-1/2